Zákon o životnom minime
Znenie zákona č. 601/2003 Z.z. o životnom minime a o zmene a doplnení niektorých zákonov.
Enregistré dans:
| Auteur principal: | |
|---|---|
| Format: | Chapitre de livre |
| Langue: | slovaque |
| Sujets: | |
| Tags: |
Pas de tags, Soyez le premier à ajouter un tag!
|
MARC
| LEADER | 00000naa$a2200000$$$4500 | ||
|---|---|---|---|
| 001 | 0007219 | ||
| 005 | 20231003110500.3 | ||
| 041 | 0 | |a slo | |
| 044 | |a SK | ||
| 245 | 1 | 0 | |a Zákon o životnom minime |c aut. Tatiana Chorvatovičová |
| 520 | |a Znenie zákona č. 601/2003 Z.z. o životnom minime a o zmene a doplnení niektorých zákonov. | ||
| 610 | 2 | 0 | |a minimum existenčné |
| 610 | 2 | 0 | |a zákony |
| 610 | 2 | 0 | |a novelizácia |
| 610 | 2 | 0 | |a Slovensko |
| 100 | 1 | |a Chorvatovičová, Tatiana | |